Kulturní dědictví a památková ochrana: Sborník z konference AUÚP, Tábor 5.-6.5.2016 /

Salvato in:
Dettagli Bibliografici
Altri autori: Blatová, Tamara (Redattore)
Natura: Libro
Lingua:ceco
Pubblicazione: Brno : Ústav územního rozvoje, 2016
Edizione:1. vydanie
Soggetti:
Tags: Aggiungi Tag
Nessun Tag, puoi essere il primo ad aggiungerne!!

MARC

LEADER 00000nam a22000003a 4500
001 0065062
003 SK-STU
005 20190328155355.0
007 ta
008 180516s ----xo-----e------000-0-----d
020 |a 978-80-87318-50-8 
040 |a STU  |b slo 
041 0 |a cze 
044 |a xr 
100 1 |a Blatová, Tamara  |4 edt 
245 1 0 |a Kulturní dědictví a památková ochrana:  |b Sborník z konference AUÚP, Tábor 5.-6.5.2016 /  |c ed. Tamara Blatová 
250 |a 1. vydanie 
260 |a Brno :  |b Ústav územního rozvoje,  |c 2016 
300 |a 64 s. 
500 |a Mimořádná příloha časopisu Urbanismus a územní rozvoj č. 4/2016 
650 0 7 |a kultúrne dedičstvo 
650 0 7 |a Svetové kultúrne dedičstvo UNESCO 
650 0 7 |a ochrana pamiatok 
650 0 7 |a kultúrna krajina 
996 |b 284AU07501  |c A* 10750/U  |l AAKNST  |s P  |a 0  |w 0065062_0001